| 000 | 00364 a2200109 4500 | ||
|---|---|---|---|
| 001 | ART_42265 | ||
| 005 | 20260410161807.0 | ||
| 008 | 260409a | ||
| 245 | 1 | 0 | _aLa inmortalidad de la empresa por vía de la cooperativa de los trabajadores |
| 100 | 1 | _aDasso, Ariel A. | |
| 773 | 0 |
_tDoctrina Societaria y Concursal _g- Nº 284 (jul. 2011) _wREV4298 |
|
| 999 |
_c21093 _d21093 |
||